A preliminary report on two floral variants in the 1981 wild Hevea germplasm collection (Record no. 46922)
[ view plain ]
| 000 -LEADER | |
|---|---|
| fixed length control field | 01209nam a2200277Ia 4500 |
| 100 ## - MAIN ENTRY--AUTHOR NAME | |
| Personal name | Madhavan J |
| 245 #2 - TITLE STATEMENT | |
| Title | A preliminary report on two floral variants in the 1981 wild Hevea germplasm collection |
| 260 ## - PUBLICATION, DISTRIBUTION, ETC. (IMPRINT) | |
| Name of publisher | Indian Journal of Natural Rubber Research |
| Year of publication | 1997 |
| 300 ## - PHYSICAL DESCRIPTION | |
| Number of Pages | 5-Jan |
| 520 ## - SUMMARY, ETC. | |
| Summary, etc | Floral morphological studies on the 1981 IRRDB wild Hevea germplasm collection maintained at the Rubber Research Institute of India have revealed two genotypes which are different from the rest. These variants differ in the pattern of growth, colour of the flower, presence of a disk at the base of the staminal column in the male flower and morphology of the fruit. The possibility of these being infraspecific variants or interspecific hybrids is discussed. |
| 650 ## - SUBJECT ADDED ENTRY--TOPICAL TERM | |
| Topical Term | Floral mmorphology |
| 650 ## - SUBJECT ADDED ENTRY--TOPICAL TERM | |
| Topical Term | Floral mmorphology |
| 650 ## - SUBJECT ADDED ENTRY--TOPICAL TERM | |
| Topical Term | Fruit morphology |
| 650 ## - SUBJECT ADDED ENTRY--TOPICAL TERM | |
| Topical Term | Fruit morphology |
| 650 ## - SUBJECT ADDED ENTRY--TOPICAL TERM | |
| Topical Term | Hevea species |
| 650 ## - SUBJECT ADDED ENTRY--TOPICAL TERM | |
| Topical Term | Hevea species |
| 650 ## - SUBJECT ADDED ENTRY--TOPICAL TERM | |
| Topical Term | Taxonomy |
| 650 ## - SUBJECT ADDED ENTRY--TOPICAL TERM | |
| Topical Term | Taxonomy |
| 650 ## - SUBJECT ADDED ENTRY--TOPICAL TERM | |
| Topical Term | Wild germplasm |
| 650 ## - SUBJECT ADDED ENTRY--TOPICAL TERM | |
| Topical Term | Wild germplasm |
| 700 ## - ADDED ENTRY--PERSONAL NAME | |
| Personal name | Abraham S T |
| 700 ## - ADDED ENTRY--PERSONAL NAME | |
| Personal name | George P J |
| 700 ## - ADDED ENTRY--PERSONAL NAME | |
| Personal name | Reghu C P |
| 942 ## - ADDED ENTRY ELEMENTS (KOHA) | |
| Koha item type | Articles |
| Withdrawn status | Lost status | Damaged status | Not for loan | Home library | Current library | Shelving location | Date acquired | Serial Enumeration / chronology | Koha item type |
|---|---|---|---|---|---|---|---|---|---|
| Articles | RRII Library | RRII Library | Germaplsm | 20/12/2021 | Volume 10, Issue 02-Jan | Articles |